000 01076nam0a22003131 4500
001 RU\NLR\BIBL_A\022385487
005 20251201175815.6
035 _a(NLR Aleph) 022385487
090 _a13463912
_c13463912
100 _a20241120d1932 u y0rusy50 ca
101 0 _akor
_arus
102 _aRU
105 _ay z 001zy
181 0 _ai
_baxxe
182 0 _an
200 1 _a탁아소내에서의 위생의 초보적 지식
203 _aТекст
_bвизуальный
_cнепосредственный
210 _a하바롭스크
_c원동국립출판부
_d1932
210 _aХабаровск
_cДальневосточное краевое издательство (Дальгиз)
_d1932
_7ca
215 _a32 с
510 1 _aТхагасонэесо-ый висэнъ-ый чхопочжок чисик
_7ca
541 1 _aСанитарный минимум в яслях
700 1 _aМананникова
_bН.
_4070
701 1 _aЭлик
_bЭ.
_4070
852 _aNLR
_bОЛСАА-кор
_j2-69
942 _cBOOK
980 1 _aKOR
980 _aNB